| 000 | 00517nam a2200193 a 4500 | ||
|---|---|---|---|
| 001 | 1757824957275 | ||
| 003 | YourLibrary | ||
| 005 | 20250915121406.0 | ||
| 008 | 250914s2001##################000#0#eng## | ||
| 020 | _a9780881633429 | ||
| 082 | 0 | 4 |
_a150.1952 _bWIN |
| 100 | 1 |
_aWiner, Jerome A., _eauthor. |
|
| 245 | 1 | 0 | _aSigmund Freud and His Impact on the Modern World : |
| 260 |
_bRoutledge, _c2001. |
||
| 300 | _a332 pages | ||
| 650 | 0 | _aPsychology. | |
| 942 | _cENGLISH | ||
| 040 |
_aYourLibrary _beng _cYourLibrary |
||
| 999 |
_c587029 _d587029 |
||